00972nam a2200253Ia 4500001001100000003000800011006001900019007001500038008004100053040002100094035002100115050002700136100003000163245006800193260004200261300001000303533015200313650003500465650003200500655002900532710001700561856012500578999001500703ebr5000509CaPaEBRm u cr cn|||||||||921211s2001 ncu s 000 1 eng d aCaPaEBRcCaPaEBR a(OCoLC)68062905514aPR6003.U13bT45 2001eb1 aBuchan, John,d1875-1940.14aThe thirty-nine stepsh[electronic resource] /cby John Buchan. aRaleigh, NC :bAlex Catalogue,c2001. a87 p. aElectronic reproduction.bPalo Alto, Calif. :cebrary,d2010.nAvailable via World Wide Web.nAccess may be limited to ebrary affiliated libraries. 0aEnglish fictiony20th century. 0aAdventure stories, English. 7aElectronic books.2local2 aebrary, Inc.40uhttp://site.ebrary.com/lib/rucke/Doc?id=5000509zAn electronic book accessible through the World Wide Web; click to view c2851d2851